=LDR 00000nam 2200000 4500 =001 INLIS000000000055911 =005 20200804105136 =035 ##$$a 0010-0820000052 =007 ta =008 200804###########################0#eng## =082 ##$$a 641.37 =084 ##$$a 641.37 Rec r =245 1#$$a Recipes wines and spirits /$c $c =300 ##$$a 96 halaman ; $c 20 Cm. =500 ##$$a Indeks : halaman 86 - 88 =650 #4$$a Minuman keras =264 ##$$a Nederland :$b Time-Life Books,$c 1974 =336 ##$$a teks$2 rdacontent =337 ##$$a lain-lain$2 rdamedia =338 ##$$a lain-lain$2 rdacarrier =990 ##$$a 27472747